Cosmopolitans / (Record no. 222767)
[ view plain ]
| 000 -LEADER | |
|---|---|
| fixed length control field | 00614nam a2200205 u 4500 |
| 001 - CONTROL NUMBER | |
| control field | 000635066 |
| 003 - CONTROL NUMBER IDENTIFIER | |
| control field | AM-YeHGA |
| 005 - DATE AND TIME OF LATEST TRANSACTION | |
| control field | 20250618073314.0 |
| 008 - FIXED-LENGTH DATA ELEMENTS--GENERAL INFORMATION | |
| fixed length control field | 090223s1937 nyu r 000 0 eng d |
| 040 ## - CATALOGING SOURCE | |
| Original cataloging agency | AM-YeHGA |
| 041 0# - LANGUAGE CODE | |
| Language code of text/sound track or separate title | eng |
| 090 ## - LOCALLY ASSIGNED LC-TYPE CALL NUMBER (OCLC); LOCAL CALL NUMBER (RLIN) | |
| -- | 224302 |
| 100 1# - MAIN ENTRY--PERSONAL NAME | |
| Personal name | Մոեմ, Սոմերսեթ, |
| Dates associated with a name | 1874-1965 |
| 9 (RLIN) | 8655 |
| 245 10 - TITLE STATEMENT | |
| Title | Cosmopolitans / |
| Statement of responsibility, etc. | [By] W. Somerset Maugham. |
| 260 ## - PUBLICATION, DISTRIBUTION, ETC. | |
| Place of publication, distribution, etc. | New York : |
| Name of publisher, distributor, etc. | Doubleday, Doran & Company, Inc., |
| Date of publication, distribution, etc. | 1937. |
| 300 ## - PHYSICAL DESCRIPTION | |
| Extent | xii, 272 p. ; |
| Dimensions | 21 cm. |
| 500 ## - GENERAL NOTE | |
| General note | At head of title: W. Somerset Maugham. |
| 505 0# - FORMATTED CONTENTS NOTE | |
| Formatted contents note | Short stories |
| 650 14 - SUBJECT ADDED ENTRY--TOPICAL TERM | |
| Topical term or geographic name entry element | British |
| Geographic subdivision | Foreign countries |
| Form subdivision | Fiction |
| Withdrawn status | Lost status | Source of classification or shelving scheme | Damaged status | Not for loan | Collection | Home library | Current library | Date acquired | Total checkouts | Full call number | Barcode | Date last seen | Price effective from | Koha item type | Public note |
|---|---|---|---|---|---|---|---|---|---|---|---|---|---|---|---|
| Universal Decimal Classification | Terzian Individual Collection | Fundamental Scientific Library | Fundamental Scientific Library | 29/12/2016 | Terz/ 562 | FL0096793 | 29/12/2016 | 29/12/2016 | Գրքեր / Books | ILL Non-Circ. |
ՀՀ Գիտությունների ազգային ակադեմիայի հիմնարար գիտական գրադարան = Fundamental Scientific Library of NAS RA
All site content, except where otherwise noted, is licensed under a